All the constitutional monarchies of the world - Statistics

General Stats
  • This quiz has been taken 63 times
  • The average score is 20 of 27
Answer Stats
Answer % Correct
United Kingdom
100%
Norway
98%
Spain
95%
Sweden
95%
Denmark
93%
Belgium
85%
Luxembourg
85%
Netherlands
85%
Thailand
83%
Australia
80%
Japan
78%
Malaysia
78%
New Zealand
78%
Canada
75%
Saint Kitts and Nevis
68%
Saint Lucia
68%
Saint Vincent and the Grenadines
68%
Antigua and Barbuda
65%
Bahamas
60%
Tuvalu
58%
Grenada
55%
Papua New Guinea
55%
Belize
53%
Cambodia
53%
Jamaica
53%
Solomon Islands
53%
Lesotho
45%
No matching quizzes found
Score Distribution
Percent of People with Each Score
Percentile by Number Answered
Your Score History
You have not taken this quiz